Designs for Experimentation and Inquiry (Record no. 92817)

MARC details
000 -LEADER
fixed length control field 01952nam a2200265Ii 4500
008 - FIXED-LENGTH DATA ELEMENTS--GENERAL INFORMATION
fixed length control field 221202s xx 000 0 und d
245 #0 - TITLE STATEMENT
Title Designs for Experimentation and Inquiry
246 ## - VARYING FORM OF TITLE
Title proper/short title Approaching Learning and Knowing in Digital Transformation
264 ## - PRODUCTION, PUBLICATION, DISTRIBUTION, MANUFACTURE, AND COPYRIGHT NOTICE
Name of producer, publisher, distributor, manufacturer Taylor & Francis
Date of production, publication, distribution, manufacture, or copyright notice 2019
300 ## - PHYSICAL DESCRIPTION
Extent 1 online resource
336 ## - CONTENT TYPE
Content type term text
Content type code txt
Source rdacontent
337 ## - MEDIA TYPE
Media type term computer
Media type code c
Source rdamedia
338 ## - CARRIER TYPE
Carrier type term online resource
Carrier type code cr
Source rdacarrier
520 ## - SUMMARY, ETC.
Summary, etc. Designs for Experimentation and Inquiry examines how digital media is reconfiguring the established worlds of research, education and professional practice. It reflects on the theoretical, methodological and ethical issues shaping contemporary engagements with digital learning and offers insights for both analysing and intervening in digital learning practices. This insightful volume fills a gap in the current literature by bringing together experiences from Sociocultural Studies of Learning, Science and Technology Studies, and Design Studies. Each chapter is an innovative case study, examining a different aspect of digital media's role in research, education and professional practice by exploring topics such as: Learning practices and digitalized dialogue Digital design experiments Digitally mediated collaborations Ethical digital inquiry and design Expertly researched and written, this book is a unique resource for scholars, researchers and professionals working in the fields of digital design, applied technology and the learning sciences.
653 ## - INDEX TERM--UNCONTROLLED
Uncontrolled term Digital Learning
653 ## - INDEX TERM--UNCONTROLLED
Uncontrolled term Digital Media
653 ## - INDEX TERM--UNCONTROLLED
Uncontrolled term Digital Transformation
653 ## - INDEX TERM--UNCONTROLLED
Uncontrolled term Earli
653 ## - INDEX TERM--UNCONTROLLED
Uncontrolled term Education
700 1# - ADDED ENTRY--PERSONAL NAME
Personal name Elam, Mark
700 1# - ADDED ENTRY--PERSONAL NAME
Personal name Mäkitalo, Åsa
700 1# - ADDED ENTRY--PERSONAL NAME
Personal name Nicewonger, Todd E.
856 ## - ELECTRONIC LOCATION AND ACCESS
Uniform Resource Identifier <a href="https://docs.google.com/spreadsheets/d/1yKIrdCPDAG_9c22mwoOIO2DOhtj65Wqa/edit?usp=sharing&ouid=106555315294820607512&rtpof=true&sd=true ">https://docs.google.com/spreadsheets/d/1yKIrdCPDAG_9c22mwoOIO2DOhtj65Wqa/edit?usp=sharing&ouid=106555315294820607512&rtpof=true&sd=true </a>
Link text List of Curated E-Books
942 ## - ADDED ENTRY ELEMENTS (KOHA)
Koha item type E-Book

No items available.

University of Rizal System
Email us at univlibservices@urs.edu.ph

Visit our Website www.urs.edu.ph/library